000 00300nam a22001337a 4500
020 _a07451-5201-5
082 _a823
_bMUL/N
100 _aMULHERIN, JENNIFER
245 _aMUNCH ADO ABOUT NOTHING
260 _aBATH, AVON
_bA S PUBLISHING
300 _a31
650 _aENGLISH STORY
_zUSA
942 _cBK
999 _c2658
_d2658